| 000 | 00677nam a22001937a 4500 | ||
|---|---|---|---|
| 003 | SISC | ||
| 005 | 20160707164516.0 | ||
| 008 | 160707b xxu||||| |||| 00| 0 eng d | ||
| 020 | _a9780802463456 | ||
| 050 | _aHG 179 .B844 1998 | ||
| 245 |
_aMoney matters for teens workbook : _bAge 11 - 14 edition / _cLarry Burkett with Todd Temple. |
||
| 260 |
_aChicago, IL : _bMoody Publishers, _cc1998. |
||
| 300 |
_a110 p. : _bill. ; _c28 cm. |
||
| 650 | _aTeenagers--United States--Finance, Personal--Juvenile literature. | ||
| 650 | _aFinance, Personal--Juvenile literature. | ||
| 650 | _aChristians--Finance, Personal. | ||
| 700 | _aTemple, Todd. | ||
| 942 |
_2lcc _cBK |
||
| 999 |
_c296224 _d296224 |
||